Law & Order: Original series main characters - Statistics

General Stats
  • This quiz has been taken 36 times
    19 since last reset
  • The average score is 10 of 34
Answer Stats
Answer % Correct
John James “Jack” McCoy
73%
Donald "Don" Cragen
67%
Adam Schiff
53%
Leonard W. "Lennie" Briscoe
53%
Michael "Mike" Logan
53%
Anita Van Buren
47%
Edward “Ed” Green
47%
Benjamin "Ben" Stone
40%
Claire Kincaid
40%
Abigail "Abbie" Carmichael
33%
Cyrus Lupo
33%
Jamie Ross
33%
Paul Robinette
33%
Reynaldo "Rey" Curtis
33%
Elizabeth Olivet
27%
Frank Cosgrove
27%
Joseph "Joe" Fontana
27%
Kevin Bernard
27%
Michael A. "Mike" Cutter
27%
Arthur Branch
20%
Consuela "Connie" Rubirosa
20%
Jalen Shaw
20%
Kate Dixon
20%
Max Greevey
20%
Nicolas "Nick" Falco
20%
Nina Cassady
20%
Nora Lewin
20%
Phil Cerreta
20%
Alexandra Borgia
13%
Nicholas Baxter
13%
Nolan Price
13%
Samantha Maroun
13%
Serena Southerlyn
13%
Vincent Riley
13%
No matching quizzes found
Score Distribution
Percent of People with Each Score
Percentile by Number Answered
Your Score History
You have not taken this quiz since the last reset